00393 a2200121 4500001000900000005001700009008004100026245006600067100002400133700002900157773007000186999001500256ART_867320260410161558.0260409a 10aLa documentación de la auditoría de los balances sociales1 aGeba, Norma Beatriz1 aSebastián, Mónica P.0 tProfesional & Empresariag- Año XII, Nº 140 (may. 2011)wREV70 c9400d9400